[Event "Vrsar Spring op"]
[Site "Vrsar"]
[Date "2024.04.01"]
[Round "2"]
[White "Crepan, Marjan"]
[Black "Soldo, Dario"]
[Result "1-0"]
[WhiteElo "2223"]
[BlackElo "1958"]
[PlyCount "79"]
[EventDate "2024.04.01"]
[EventType "swiss"]
[EventRounds "9"]
[EventCountry "CRO"]
[SourceTitle "CB16_2024"]
[SourceDate "2024.04.17"]
[SourceVersion "1"]
[SourceVersionDate "2024.04.17"]
[SourceQuality "1"]

1. e4 e5 2. Nf3 Nf6 3. Nc3 Nc6 4. d4 exd4 5. Nxd4 Bb4 6. Nxc6 Bxc3+ 7. bxc3 bxc6 8. Bd3 0-0 9. 0-0 Re8 10. Qf3 d5 11. exd5 cxd5 12. Bg5 c6 13. Rfe1 Be6 14. Qg3 Kf8 15. Bxh7 Qd7 16. Bd3 c5 17. Qh4 c4 18. Bf5 Ng8 19. Be3 Rac8 20. Bh7 Qe7 21. Qg3 Nf6 22. Bd4 Nh5 23. Qf3 Qg5 24. Re5 Qg4 25. Rxh5 Qxf3 26. gxf3 g6 27. Rg5 Ke7 28. Rb1 Rb8 29. Re1 Kd7 30. h4 Bf5 31. Rxe8 Rb1+ 32. Kg2 Kxe8 33. h5 Bxc2 34. Rxd5 Bd3 35. Bf6 Rb8 36. Kg3 Kf8 37. f4 Re8 38. h6 Be4 39. Rd7 Bf5 40. Bg7# 1-0

[Event "Wohlen op 3rd"]
[Site "Wohlen"]
[Date "2022.08.19"]
[Round "1"]
[White "Soldo, Dario"]
[Black "Beesk, Kevin"]
[Result "0-1"]
[WhiteElo "1548"]
[BlackElo "1968"]
[PlyCount "94"]
[EventDate "2022.08.19"]
[EventType "swiss"]
[EventRounds "5"]
[EventCountry "SUI"]
[SourceTitle "CBM 210 Extra"]
[Source "ChessBase"]
[SourceDate "2022.11.30"]
[SourceVersion "1"]
[SourceVersionDate "2022.11.30"]
[SourceQuality "1"]

1. d4 Nf6 2. Nc3 d5 3. Bf4 a6 4. e3 c5 5. Nf3 cxd4 6. exd4 Bg4 7. Be2 Nc6 8. Ne5 Bxe2 9. Nxe2 e6 10. Nxc6 bxc6 11. c3 Bd6 12. Qa4 Qc7 13. Bxd6 Qxd6 14. Ng3 0-0 15. 0-0 h5 16. Qd1 g6 17. Re1 Kg7 18. Nf1 Rfe8 19. Nd2 Re7 20. Nf3 Ne4 21. Nd2 Nf6 22. Nf3 Nd7 23. Ne5 Nf8 24. Nd3 f6 25. Qf3 Nd7 26. Re2 e5 27. Qg3 Rae8 28. Rae1 Kf7 29. h4 Qb8 30. Nb4 Qc8 31. Nd3 e4 32. Nf4 Nf8 33. Qe3 Qg4 34. Qg3 Qxg3 35. fxg3 Rb7 36. Rc2 Reb8 37. Rb1 Ne6 38. Nxe6 Kxe6 39. Rf2 Rb5 40. b3 c5 41. Rc2 Rc8 42. c4 cxd4 43. cxd5+ Kd7 44. Rbc1 Rxc2 45. Rxc2 Rxd5 46. Kf2 e3+ 47. Kf3 d3 0-1

[Event "AUT-ch U16"]
[Site "St Veit"]
[Date "2022.04.14"]
[Round "7"]
[White "Soldo, Dario"]
[Black "Stadlinger, Lukas"]
[Result "1/2-1/2"]
[WhiteElo "1547"]
[BlackElo "1723"]
[PlyCount "60"]
[EventDate "2022.04.10"]
[EventType "swiss"]
[EventRounds "7"]
[EventCountry "AUT"]
[SourceTitle "EXT 2023"]
[Source "ChessBase"]
[SourceDate "2022.10.05"]
[SourceVersion "1"]
[SourceVersionDate "2022.10.05"]
[SourceQuality "1"]

1. c4 e5 2. Nc3 Nc6 3. e3 Nf6 4. d4 exd4 5. exd4 d5 6. Nf3 Bg4 7. cxd5 Nxd5 8. Bb5 Bb4 9. Bd2 0-0 10. Bxc6 bxc6 11. 0-0 Bxc3 12. bxc3 Qf6 13. c4 Nb6 14. c5 Nd5 15. Be3 Rab8 16. h3 Bxf3 17. gxf3 Nxe3 18. fxe3 Rb2 19. Rf2 Rfb8 20. Qf1 Qg5+ 21. Kh1 f6 22. Rxb2 Rxb2 23. Rb1 Rxb1 24. Qxb1 Qxe3 25. Qb8+ Kf7 26. Qxc7+ Kg6 27. Qxc6 Qe1+ 28. Kg2 Qd2+ 29. Kf1 Qd1+ 30. Kg2 Qd2+ 1/2-1/2

[Event "Vienna Silvester op-B"]
[Site "Vienna"]
[Date "2021.12.31"]
[Round "5"]
[White "Kern, Julian"]
[Black "Soldo, Dario"]
[Result "1-0"]
[WhiteElo "1664"]
[BlackElo "1473"]
[PlyCount "92"]
[EventDate "2021.12.27"]
[EventType "swiss"]
[EventRounds "7"]
[EventCountry "AUT"]
[SourceTitle "EXT 2023"]
[Source "ChessBase"]
[SourceDate "2022.10.05"]
[SourceVersion "1"]
[SourceVersionDate "2022.10.05"]
[SourceQuality "1"]

1. d4 d5 2. c4 e6 3. Nc3 Nf6 4. cxd5 exd5 5. Bg5 Nbd7 6. Nxd5 Nxd5 7. Bxd8 Bb4+ 8. Qd2 Bxd2+ 9. Kxd2 Kxd8 10. e4 N5b6 11. Rc1 Re8 12. f3 c6 13. Nh3 h6 14. Nf2 Nf6 15. Nd3 Ke7 16. b3 Kf8 17. Be2 Rd8 18. Ke3 Be6 19. Nc5 Rab8 20. Rhd1 Nfd7 21. Nd3 f5 22. Rf1 Kg8 23. Nf4 Bf7 24. exf5 Nd5+ 25. Nxd5 Bxd5 26. Bd3 Re8+ 27. Kf4 Rbc8 28. g4 Nf6 29. h4 Kf7 30. g5 hxg5+ 31. hxg5 Nd7 32. Be4 Nb6 33. Rh1 Rh8 34. Rce1 a5 35. f6 g6 36. Bc2 Be6 37. Rxh8 Rxh8 38. Bxg6+ Kxg6 39. Rxe6 Nd5+ 40. Kg4 Kf7 41. Re2 Rg8 42. Kf5 Rg6 43. f4 Rg8 44. a4 Re8 45. g6+ Kf8 46. Rh2 Ne3+ 1-0

[Event "Vienna Silvester op-B"]
[Site "Vienna"]
[Date "2021.12.30"]
[Round "4"]
[White "Ruck, Helmut"]
[Black "Soldo, Dario"]
[Result "0-1"]
[WhiteElo "1695"]
[BlackElo "1473"]
[PlyCount "94"]
[EventDate "2021.12.27"]
[EventType "swiss"]
[EventRounds "7"]
[EventCountry "AUT"]
[SourceTitle "EXT 2023"]
[Source "ChessBase"]
[SourceDate "2022.10.05"]
[SourceVersion "1"]
[SourceVersionDate "2022.10.05"]
[SourceQuality "1"]

1. b3 e5 2. Bb2 Nc6 3. e3 d5 4. Bb5 Bd6 5. f4 Qe7 6. Nf3 f6 7. 0-0 Bd7 8. Nc3 Be6 9. fxe5 fxe5 10. Ne2 Bd7 11. Nc3 Be6 12. a3 Nf6 13. b4 0-0 14. Be2 Nd8 15. Nb5 a6 16. Nxd6 cxd6 17. d3 b5 18. Ng5 h6 19. Nxe6 Nxe6 20. Qd2 Qd7 21. c4 dxc4 22. dxc4 bxc4 23. Bxc4 d5 24. Bb3 Qd6 25. h3 Rad8 26. Rad1 Kh8 27. Rf5 d4 28. Qe1 Rfe8 29. e4 Ng5 30. Bc2 Qc6 31. Bd3 Ngxe4 32. Rc1 Qb7 33. Rc2 Rd6 34. Re2 Ng5 35. Rfxe5 Rxe5 36. Rxe5 Qc8 37. Qh4 Nf7 38. Re7 Ng5 39. Qe1 Ng8 40. Re8 Qd7 41. Bc4 Nf7 42. Bd3 Ng5 43. Bc1 Nh7 44. Qe4 Nhf6 45. Rxg8+ Kxg8 46. Bf4 Nxe4 47. Bc1 Nf6 0-1

[Event "AUT-ch U14"]
[Site "St Veit"]
[Date "2021.10.28"]
[Round "6.11"]
[White "Wohlgenannt, Nicolas"]
[Black "Soldo, Dario"]
[Result "0-1"]
[WhiteElo "1712"]
[BlackElo "1209"]
[PlyCount "62"]
[EventDate "2021.10.25"]
[EventType "swiss"]
[EventRounds "7"]
[EventCountry "AUT"]
[SourceTitle "EXT 2023"]
[Source "ChessBase"]
[SourceDate "2022.10.05"]
[SourceVersion "1"]
[SourceVersionDate "2022.10.05"]
[SourceQuality "1"]

1. e4 e5 2. Nf3 Nc6 3. d4 exd4 4. Nxd4 Bc5 5. Nb3 Bb6 6. Nc3 Nf6 7. Qe2 d6 8. Be3 Bxe3 9. Qxe3 0-0 10. 0-0-0 Be6 11. f4 Qe7 12. h3 Rfe8 13. Bd3 Rad8 14. g4 Bxb3 15. axb3 Kh8 16. g5 Ng8 17. h4 d5 18. Qf3 Nd4 19. Qg3 dxe4 20. Bxe4 Ne2+ 21. Nxe2 Qxe4 22. Nc3 Qc6 23. Rdg1 Ne7 24. h5 Nf5 25. Qh3 Nd4 26. Rd1 b5 27. Rh2 b4 28. Na4 Re2 29. Rd2 Nxb3+ 30. Kb1 Nxd2+ 31. Ka2 Qxa4+ 0-1